000 00605nam a2200205Ia 4500
005 20241129110244.0
008 241129s9999||||xx |||||||||||||| ||und||
037 _aREF
040 _aARTS
_beng
_cARTS
041 _aeng
_2urd
084 _aO168,3wN N1;R0.1-.2 (RR)
_qARTS
100 _aBaig Mirza Hameed Au.
_9727592
245 0 _aUrdu afsane ki riwayat
_cBaig Mirza Hameed Au.
260 _aDelhi, India
_bM. R. Publications
_c2020
365 _aINR
_b2250
490 _v V2
650 _aUrdu Fiction
_93298
942 _cREF
_hO168,3wN N1;R0.1-.2 (RR)
999 _c1227916
_d1227916